African Animals A-Z - Statistics

General Stats
  • This quiz has been taken 115 times
  • The average score is 17 of 26
Answer Stats
Picture Hint Answer % Correct
C Chimpanzee
95%
B Baboon
94%
E Elephant
92%
F Flamingo
92%
G Giraffe
92%
O Ostrich
89%
L Lemur
88%
A Aardvark
86%
H Hippopotamus
86%
J Jackal
82%
P Porcupine
82%
Z Zebra
82%
M Meerkat
80%
W Warthog
76%
R Rhinoceros
72%
I Impala
67%
N Naked Mole-Rat
64%
D Dik-Dik
55%
S Serval
55%
K Kudu
48%
V Vervet
31%
X Xerus
15%
T Topi
13%
Y Yellow Mongoose
13%
U Ugandan Kob
7%
Q Quailfinch
5%
No matching quizzes found
Score Distribution
Percent of People with Each Score
Percentile by Number Answered
Your Score History
You have not taken this quiz